000 003130000a22000970004500
100 1 _aHartzler, Dan
245 1 0 _aThe forgotten cubans : Christian concern and spiritual awakening among the rafters
300 _aVol. 75, Num. 1 (Enero-Junio, 1995), Páginas 16-17
773 0 _tLatin America Evangelist
942 _cANA
999 _c54907
_d54907